000 00490cam a22001337a 4500
008 180718b1967 xxu||||| |||| 00| 0 eng d
082 _aB706x42 Un3/Me/2
100 _aRoyal Commission on Local Government in England
245 _aRoyal commission on Local Government: Ministry of Evidence 2 20th January, 1967; witness, Ministry of Health
260 _aLondon
_bHer Majesty's Stationery Office
_c1967
300 _aP26-43
500 _aChairman: John Maud
700 _aMaud, John (Chairman)
999 _c488245
_d488245